[Event "Bohumin op-B 7th"]
[Site "Bohumin"]
[Date "2024.07.03"]
[Round "6"]
[White "Knopp, Rene"]
[Black "Mrmusova, Magdalena"]
[Result "1-0"]
[WhiteElo "1867"]
[BlackElo "1632"]
[PlyCount "63"]
[EventDate "2024.06.29"]
[EventType "swiss"]
[EventRounds "9"]
[EventCountry "CZE"]
[SourceTitle "CBM 221 Extra"]
[Source "ChessBase"]
[SourceDate "2024.09.30"]
[SourceVersion "1"]
[SourceVersionDate "2024.09.30"]
[SourceQuality "1"]

1. f4 f5 2. Nf3 Nf6 3. e3 e6 4. d4 b6 5. Bd3 Bb7 6. 0-0 Be7 7. Qe2 d5 8. Nbd2 0-0 9. Ne5 Nbd7 10. Ndf3 Ne4 11. Bd2 c5 12. c3 c4 13. Bc2 Rc8 14. Rfc1 Ndf6 15. Be1 Nd7 16. a4 Nxe5 17. Nxe5 a5 18. Kh1 Rf6 19. Bxe4 fxe4 20. Bh4 Rf8 21. Bxe7 Qxe7 22. g4 g5 23. Rf1 Bc6 24. f5 exf5 25. Rxf5 Rxf5 26. gxf5 Bd7 27. f6 Qe6 28. Qh5 Qxf6 29. Nxd7 Qf3+ 30. Qxf3 exf3 31. Rf1 g4 32. Nf6+ 1-0

[Event "Bohumin op-B 7th"]
[Site "Bohumin"]
[Date "2024.06.30"]
[Round "2"]
[White "Knopp, Rene"]
[Black "Kisielinski, Stanislaw"]
[Result "0-1"]
[WhiteElo "1867"]
[BlackElo "1660"]
[PlyCount "134"]
[EventDate "2024.06.29"]
[EventType "swiss"]
[EventRounds "9"]
[EventCountry "CZE"]
[SourceTitle "CBM 221 Extra"]
[Source "ChessBase"]
[SourceDate "2024.09.30"]
[SourceVersion "1"]
[SourceVersionDate "2024.09.30"]
[SourceQuality "1"]

1. f4 d5 2. e3 c5 3. Nf3 Nc6 4. c3 Bg4 5. d4 e6 6. Bd3 Bd6 7. 0-0 Nf6 8. Nbd2 0-0 9. Qe1 Bxf3 10. Rxf3 cxd4 11. exd4 Qc7 12. Qh4 Ne7 13. Nf1 Ng6 14. Bxg6 fxg6 15. Bd2 Nh5 16. Re1 Rae8 17. g3 Nf6 18. Bc1 Ne4 19. Rfe3 Qf7 20. R3e2 Be7 21. Qg4 Qf5 22. Ne3 Qxg4 23. Nxg4 Bd8 24. Ne5 Bc7 25. Kg2 Bxe5 26. fxe5 Rf5 27. c4 Ref8 28. cxd5 exd5 29. Be3 Rc8 30. Rc1 Rxc1 31. Bxc1 Rf7 32. Rc2 Re7 33. b3 Kf7 34. Rc8 Rd7 35. Ba3 Ng5 36. Rf8+ Ke6 37. h4 Ne4 38. Re8+ Kf7 39. Rc8 g5 40. h5 g4 41. Rf8+ Ke6 42. Rf4 Rc7 43. Rxg4 Rc2+ 44. Kg1 Rxa2 45. Bf8 Kf7 46. Bxg7 Ra1+ 47. Kg2 Ra2+ 48. Kf3 Ra3 49. Bh6 Rxb3+ 50. Kf4 Ke6 51. Rg7 a5 52. Rxh7 a4 53. Bf8 Rf3+ 54. Kxf3 Ng5+ 55. Kf4 Nxh7 56. Bb4 Kf7 57. Kf5 Nf8 58. Bxf8 Kxf8 59. h6 a3 60. h7 Kg7 61. e6 a2 62. e7 a1Q 63. h8Q+ Kxh8 64. e8Q+ Kh7 65. Qd7+ Kh8 66. Qxd5 Qf1+ 67. Ke6 Qh3+ 0-1